المقنع في الفلاحة / (رقم التسجيلة. 33419)
[ عرض عادي ]
| 000 -LEADER | |
|---|---|
| fixed length control field | 00590nam a22001937a 4500 |
| 005 - DATE AND TIME OF LATEST TRANSACTION | |
| control field | 20251108165852.0 |
| 008 - FIXED-LENGTH DATA ELEMENTS--GENERAL INFORMATION | |
| fixed length control field | 250721s1982 xx 000 0 ara d |
| 082 14 - DEWEY DECIMAL CLASSIFICATION NUMBER | |
| Classification number | م/630.95605/إشب |
| 100 1# - MAIN ENTRY--PERSONAL NAME | |
| Personal name | الإشبيلي، أحمد بن محمد الحجاج |
| 245 10 - TITLE STATEMENT | |
| Title | المقنع في الفلاحة / |
| 264 1# - PRODUCTION, PUBLICATION, DISTRIBUTION, MANUFACTURE, AND COPYRIGHT NOTICE | |
| Place of production, publication, distribution, manufacture | عمان : |
| Name of producer, publisher, distributor, manufacturer | مجمع اللغة العربية، |
| Date of production, publication, distribution, manufacture, or copyright notice | 1982. |
| 300 ## - PHYSICAL DESCRIPTION | |
| Extent | 162ص |
| 650 17 - SUBJECT ADDED ENTRY--TOPICAL TERM | |
| Topical term or geographic name as entry element | الزراعة |
| 650 17 - SUBJECT ADDED ENTRY--TOPICAL TERM | |
| Topical term or geographic name as entry element | الأندلس |
| 700 1# - ADDED ENTRY--PERSONAL NAME | |
| Personal name | جرار، صلاح |
| Relator term | تحقيق |
| 700 1# - ADDED ENTRY--PERSONAL NAME | |
| Personal name | أبو حيفه، جاسر |
| 942 ## - ADDED ENTRY ELEMENTS (KOHA) | |
| Source of classification or shelving scheme | Dewey Decimal Classification |
| Koha item type | مراجع |
| حالة السحب | حالة الفقدان | مصدر التصنيف | حالة التلف | غير قابل للإعارة | المكتبة الرئيسية | المكتبة الحالية | موقع الرف | تاريخ التزويد | الرقم المتسلسل | Total Checkouts | رقم الإستدعاء | الباركود | تاريخ آخر ظهور | تاريخ الفاتورة | نوع المادة (كوها) |
|---|---|---|---|---|---|---|---|---|---|---|---|---|---|---|---|
| Dewey Decimal Classification | Not For Loan | المكتبة المركزية | المكتبة المركزية | مراجع | 06/07/2004 | 221287 | م/630.95605/إشب | 221287 | 28/07/2025 | 06/07/2004 | مراجع | ||||
| Dewey Decimal Classification | Not For Loan | مكتبة الأميرة ايمان العامة | مكتبة الأميرة ايمان العامة | مراجع | 28/07/2025 | 1175582 | م/630.95605/إشب | 1175582 | 28/07/2025 | 28/07/2025 | مراجع | ||||
| Dewey Decimal Classification | Not For Loan | مكتبة الحسن العامة | مكتبة الحسن العامة | مراجع | 06/07/2004 | 884 | م/630.95605/إشب | 884 | 28/07/2025 | 06/07/2004 | مراجع | ||||
| Dewey Decimal Classification | Not For Loan | مكتبة حمزة العامة | مكتبة حمزة العامة | مراجع | 06/07/2004 | 1528 | م/630.95605/إشب | 1528 | 28/07/2025 | 06/07/2004 | مراجع | ||||
| Dewey Decimal Classification | Not For Loan | مكتبة حمزة العامة | مكتبة حمزة العامة | مراجع | 20/05/2015 | [1582]. | م/630.95605/إشب | PLD00325320 | 28/07/2025 | 20/05/2015 | مراجع | ||||
| Dewey Decimal Classification | Not For Loan | مكتبة صويلح العامة | مكتبة صويلح العامة | مراجع | 28/07/2025 | 1175583 | م/630.95605/إشب | 1175583 | 28/07/2025 | 28/07/2025 | مراجع | ||||
| Dewey Decimal Classification | Not For Loan | مكتبة مرج الحمام | مكتبة مرج الحمام | مراجع | 28/07/2025 | 1175585 | م/630.95605/إشب | 1175585 | 28/07/2025 | 28/07/2025 | مراجع |